000 00456nam a2200181Ia 4500
003 IN-BaIIA
008 211028s9999 xx 000 0 eng d
020 _a0-19-851121-3
040 _cIIA Library
080 _a530.145
_bHOL
100 _aHolden, Alan
_97269
245 0 _aStationary States
_cAlan Holden
260 _aOxford
_bClarendon Press
_c1971
300 _aviii, 58p.
650 _aAtomic physics
_91547
650 _aNASA Thesaurus
942 _cBK
999 _c4124
_d4124